| 000 | 01046nmc a2200373 a 4500 | ||
|---|---|---|---|
| 003 | AR-BaBNM | ||
| 005 | 20251128211149.0 | ||
| 008 | 283020s1983 ||||||||||||||000 | spa|| | ||
| 020 | _a84-320-3887-3 | ||
| 040 | _cAR-BaBNM | ||
| 100 | 1 | _aMaquiavelo, Nicolás | |
| 245 | 1 | 0 | _aEl príncipe |
| 250 | _a1ª ed. | ||
| 260 |
_aBarcelona _bPlaneta _c1983 |
||
| 300 | 0 | _a123 p. | |
| 490 | 0 |
_aClásicos universales Planeta _vv. 56 |
|
| 504 | _aBibligrafía en p. XXIII seleccionada por Puigdoménech, Helena | ||
| 650 | 4 | _aFILOSOFIA POLITICA | |
| 650 | 4 | _aGOBIERNO | |
| 650 | 4 | _aCIENCIAS SOCIALES | |
| 650 | 4 | _aLIDERAZGO POLITICO | |
| 650 | 4 | _aSOCIOLOGIA POLITICA | |
| 650 | 4 | _aHISTORIA EUROPEA | |
| 650 | 4 | _aRENACIMIENTO | |
| 650 | 4 | _aHISTORIA MILITAR | |
| 650 | 4 | _aIGLESIA Y ESTADO | |
| 653 | 0 | _aFILOSOFIA MODERNA | |
| 653 | 0 | _aHISTORIA ITALIANA | |
| 700 | 1 |
_aAlcántara, Francisco Javier _eintroducción |
|
| 700 |
_aPuigdoménech, Helena _ecolaborador |
||
| 800 | 1 | _aOliver, Gabriel | |
| 942 | _cBK | ||
| 998 | _cAlicia | ||
| 999 |
_c18526 _d18526 |
||